=LDR 00000nam 2200000 4500 =001 INLIS000000000004984 =005 20251002023401 =035 ##$$a 0010-1025000039 =007 ta =008 251002###########################0#eng## =082 ##$$a 363.9603 =084 ##$$a 363.9603 BAD i =245 1#$$a Implementation Program of Rubber Contraceptive : $b - /$c Badan Koordinasi Keluarga Berencana Nasional =260 ##$:$b BKKBN =300 ##$$a 67 hal : $b ilus ; $c 23 cm =110 #$$a Badan Koordinasi Keluarga Berencana Nasional =856 ##$$a Perpustakaan Kemendukbangga